=LDR 00000nam 2200000 4500 =001 INLIS000000000013516 =005 20130612104910 =008 ***********************************6aInd** =035 ##$$a0010-061300000013516 =041 ##$$a 6aInd =082 ##$$a 636.519 =090 ##$$a 636.519, Sud b =100 ##$$a Sudrajad =245 ##$$a Beternak ayam cemani, Drs. Sudrajad =260 ##$$a 2004 $b Jakarta =300 ##$$a 99 hlm, Ilus, 23 cm =650 ##$$a Ayam Cemani =850 ##$$a NBPNMAT =990 ##$$a 21196077/BPAP-NTB/2014